<?xml version="1.0" encoding="UTF-8"?>
<record
    xmlns:xsi="http://www.w3.org/2001/XMLSchema-instance"
    xsi:schemaLocation="http://www.loc.gov/MARC21/slim http://www.loc.gov/standards/marcxml/schema/MARC21slim.xsd"
    xmlns="http://www.loc.gov/MARC21/slim">

  <leader>01221na  a2200289   4500</leader>
  <controlfield tag="001">18779</controlfield>
  <controlfield tag="003">MIRAKIL</controlfield>
  <controlfield tag="005">20181213155107.0</controlfield>
  <controlfield tag="008">161127b        tu            000 0      </controlfield>
  <datafield tag="035" ind1=" " ind2=" ">
    <subfield code="a">18779</subfield>
  </datafield>
  <datafield tag="040" ind1=" " ind2=" ">
    <subfield code="a">Milas</subfield>
    <subfield code="b">tur</subfield>
    <subfield code="c">TR-AnCHP</subfield>
  </datafield>
  <datafield tag="041" ind1=" " ind2=" ">
    <subfield code="a">tur</subfield>
  </datafield>
  <datafield tag="082" ind1=" " ind2=" ">
    <subfield code="a">370.113 </subfield>
    <subfield code="b">G95a 2003</subfield>
  </datafield>
  <datafield tag="090" ind1=" " ind2=" ">
    <subfield code="a">370.113 G95a 2003</subfield>
  </datafield>
  <datafield tag="100" ind1=" " ind2=" ">
    <subfield code="a">G&#xFC;nl&#xFC;, Ramazan</subfield>
  </datafield>
  <datafield tag="245" ind1=" " ind2=" ">
    <subfield code="a">Avrupa Birli&#x11F;i'nde istihdam, e&#x11F;itim ve meslek e&#x11F;itimi</subfield>
    <subfield code="b">&#xC7;al&#x131;&#x15F;ma hayat&#x131;n&#x131;n de&#x11F;i&#x15F;imi e&#x11F;itim ve meslek e&#x11F;itimi politikalar&#x131;n&#x131;n de&#x11F;i&#x15F;imi avrupa &#xE7;al&#x131;&#x15F;ma ve e&#x11F;itim alan&#x131;n&#x131;n olu&#x15F;umu ya&#x15F;amboyu &#xF6;&#x11F;renme </subfield>
    <subfield code="c">Ramazan G&#xFC;nl&#xFC;</subfield>
  </datafield>
  <datafield tag="246" ind1=" " ind2=" ">
    <subfield code="a">&#xC7;al&#x131;&#x15F;ma hayat&#x131;n&#x131;n de&#x11F;i&#x15F;imi e&#x11F;itim ve meslek e&#x11F;itimi politikalar&#x131;n&#x131;n de&#x11F;i&#x15F;imi avrupa &#xE7;al&#x131;&#x15F;ma ve e&#x11F;itim alan&#x131;n&#x131;n olu&#x15F;umu ya&#x15F;amboyu &#xF6;&#x11F;renme </subfield>
  </datafield>
  <datafield tag="260" ind1=" " ind2=" ">
    <subfield code="a">Ankara</subfield>
    <subfield code="b">T&#xFC;rkiye-AB Sendikal Koordinasyon Komisyonu</subfield>
    <subfield code="c">2003</subfield>
  </datafield>
  <datafield tag="300" ind1=" " ind2=" ">
    <subfield code="a">viii, 108 s.</subfield>
    <subfield code="c">21 sm.</subfield>
  </datafield>
  <datafield tag="490" ind1=" " ind2=" ">
    <subfield code="a">T&#xFC;rkiye-AB Sendikal Koordinasyon Komisyonu</subfield>
    <subfield code="v">Yay&#x131;n no:6</subfield>
  </datafield>
  <datafield tag="504" ind1=" " ind2=" ">
    <subfield code="a">Kaynak&#xE7;a var</subfield>
  </datafield>
  <datafield tag="610" ind1=" " ind2=" ">
    <subfield code="a">T&#xFC;rkiye-AB Sendikal Koordinasyon Komisyonu (ETUC)</subfield>
  </datafield>
  <datafield tag="650" ind1=" " ind2=" ">
    <subfield code="a">Avrupa Birli&#x11F;i'nde</subfield>
    <subfield code="x">istihdam</subfield>
  </datafield>
  <datafield tag="650" ind1=" " ind2=" ">
    <subfield code="a">Avrupa Birli&#x11F;i'nde</subfield>
    <subfield code="x">Meslek e&#x11F;itimi</subfield>
  </datafield>
  <datafield tag="650" ind1=" " ind2=" ">
    <subfield code="a">Mesleki e&#x11F;itim</subfield>
  </datafield>
  <datafield tag="942" ind1=" " ind2=" ">
    <subfield code="2">dcc</subfield>
    <subfield code="c">BKS</subfield>
  </datafield>
  <datafield tag="952" ind1=" " ind2=" ">
    <subfield code="a">0001</subfield>
    <subfield code="b">0001</subfield>
    <subfield code="d">2016-11-27</subfield>
    <subfield code="e">2</subfield>
    <subfield code="l">0</subfield>
    <subfield code="o">370.113 G95a 2003</subfield>
    <subfield code="p">010060</subfield>
    <subfield code="r">2016-11-27 00:00:00</subfield>
    <subfield code="v">0.00</subfield>
    <subfield code="w">2016-11-27</subfield>
    <subfield code="y">BKS</subfield>
  </datafield>
  <datafield tag="999" ind1=" " ind2=" ">
    <subfield code="c">6403</subfield>
    <subfield code="d">6403</subfield>
  </datafield>
</record>
